Eintracht Frankfurt: Alle Torschützen der 2000er - Statistiken

Allgemein
  • Dieses Quiz wurde 53 mal gespielt
  • Das Durchschnittsergebnis liegt bei 14 aus 54
Antwortstatistiken
Pos. Nat. Spieler % Korrekt
ST GER Alexander Meier
87%
ST GRE Ioannis Amanatidis
76%
VER KOR Du-Ri Cha
68%
ST JAP Naohiro Takahara
61%
VER GER Marco Russ
58%
ST CZE Martin Fenin
58%
VER BRA Chris
53%
VER GER Sebastian Jung
50%
MIT ALB Ervin Skela
47%
ST NOR Jan Aage Fjörtoft
45%
MIT USA Jermaine Jones
45%
MIT GER Patrick Ochs
45%
MIT SUI Benjamin Huggel
42%
MIT GER Benjamin Köhler
42%
MIT TUR Halil Altintop
42%
MIT GER Alexander Schur
37%
MIT AUT Markus Weissenberger
37%
ST GRE Nikos Liberopoulos
37%
MIT SUI Pirmin Schwegler
34%
VER GRE Sotiris Kyrgiakos
34%
VER MKD Aleksandar Vasoski
32%
MIT GER Christoph Preuß
32%
ST COG Rolf-Christel Guie-Mien
32%
ST GER Juvhel Tsoumou
29%
ST CHN Chen Yang
26%
ST ESP Francisco Copado
26%
MIT AUT Ümit Korkmaz
24%
ST GER Michael Thurk
21%
MIT GER Albert Streit
16%
ST GRE Evangelos Mantzios
16%
VER GER Maik Franz
16%
VER GER Marko Rehmer
13%
ST GER Markus Beierle
13%
MIT GER Selim Teber
13%
MIT GER Faton Toski
11%
VER GER Henning Bürger
11%
MIT GER Marcel Heller
11%
MIT GER Marco Gebhardt
11%
MIT GER Markus Steinhöfer
11%
VER GER Michael Fink
11%
VER GER Alexander Kutschera
8%
MIT GER Horst Heldt
8%
ST POL Pawel Kryszalowicz
8%
VER CAM Serge Branco
8%
MIT GER Markus Kreuz
5%
ST MKD Sasa Ciric
5%
ST GER Thomas Reichenberger
5%
MIT GER Thomas Sobotzik
5%
VER GER Torsten Kracht
5%
MIT AUT Gerd Wimmer
3%
MIT CRO Jurica Puljiz
3%
ST GER Nico Frommer
3%
VER GER Ingo Hertzsch
0%
MIT ALB Mehmet Dragusha
0%
Keine übereinstimmenden Quizze gefunden
Verteilung der Resultate
Anzahl Personen mit jedem Resultat
Perzentil nach korrekt beantworteten Fragen
Ihre Resultats-Entwicklung
Sie haben dieses Quiz noch nicht gespielt